Incomplete Movie Titles 2024 - Statistics

General Stats
  • This quiz has been taken 65 times
    64 since last reset
  • The average score is 20 of 36
Answer Stats
Hint Answer % Correct
Fly Me To The ____ Moon
100%
Kung ____ Panda 4 Fu
88%
Beetlejuice ____ Beetlejuice
82%
Paddington In ____ Peru
82%
____ & Wolverine Deadpool
80%
____ Out 2 Inside
78%
Speak No ____ Evil
76%
Bob ____: One Love Marley
76%
Joker: ____ a Deux Folie
74%
Furiosa: A Mad ____ Saga Max
74%
Bad Boys: ____ Or Die Ride
74%
____ Twice Blink
72%
Alien: ____ Romulus
64%
The ____ Guy Fall
62%
The ____ Movie Garfield
62%
____ Of The Planet Of The Apes Kingdom
62%
A Quiet Place: ____ One Day
60%
Madame ____ Web
60%
Venom: The Last ____ Dance
56%
Harold And The ____ Crayon Purple
56%
The American ____ Of Magical Negroes Society
54%
The ____ Robot Wild
50%
Love Lies ____ Bleeding
44%
Godzilla x Kong: The ____ Empire New
44%
Ghostbusters: Frozen ____ Empire
40%
Monkey ____ Man
40%
The Ministry Of ____ Warfare Ungentlemanly
40%
Road ____ House
38%
My Old ____ Ass
36%
Drive-Away ____ Dolls
36%
Transformers ____ One
36%
Mothers' ____ Instinct
34%
____ One Red
32%
____ Ridge Rebel
30%
Hellboy: The ____ Man Crooked
28%
Irish ____ Wish
16%
No matching quizzes found
Score Distribution
Percent of People with Each Score
Percentile by Number Answered
Your Score History
You have not taken this quiz since the last reset